MARC

LEADER 00000nam0a2200000 4500
001 378111
005 20231102012959.0
020 |a RU  |b 87-55843 
035 |a (RuTPU)RU\TPU\retro\35566 
035 |a RU\TPU\book\283483 
090 |a 378111 
100 |a 20230515d1987 km y0rusy5003 ca 
101 0 |a rus 
102 |a RU 
105 |a a z 001zy 
200 1 |a Вибрационное резание металлов  |f Н. И. Ахметшин, Э. М. Гоц, Н. Ф. Родиков  |g под ред. К. М. Рагульскиса 
210 |a Ленинград  |c Машиностроение  |d 1987 
215 |a 80 с.  |c ил.  |d 22 см 
225 1 |a Библиотека инженера. Вибрационная техника  |v Вып. 10 
320 |a Библиогр.: с. 75-76 (43 назв.). 
320 |a Основные обозначения: с. 4. 
606 1 |a Резание металлов, вибрационное  |x Электрическое моделирование  |2 stltpush  |3 (RuTPU)RU\TPU\subj\24564  |9 48886 
610 1 |a металлы 
610 1 |a вибрационное резание 
610 1 |a кинематика 
610 1 |a инерционно-импульсные механизмы 
610 1 |a металлорежущие станки 
610 1 |a импульсные приводы 
610 1 |a проектирование 
675 |a 621.9.04  |z rus  |v 3 
700 1 |a Ахметшин  |b Н. И.  |g Нашьат Исламович  |4 070 
701 1 |a Гоц  |b Э. М.  |g Эдуард Михайлович 
701 1 |a Родиков  |b Н. Ф.  |g Николай Федорович 
702 1 |a Рагульскис  |b К. М.  |4 340 
801 0 |a RU  |b RuMRKP  |c 19950417  |g psbo 
801 1 |a RU  |b 63413507  |c 20140516 
801 2 |a RU  |b 63413507  |c 20230515  |g RCR 
942 |c BK